| 000 | 01177cam a2200349 a 4500 | ||
|---|---|---|---|
| 001 | 3563315 | ||
| 003 | OSt | ||
| 005 | 20140310184237.0 | ||
| 008 | 981113r20001997at c 000 1 eng | ||
| 010 | _a 98051986 | ||
| 020 | _a0439858038 | ||
| 040 |
_aDLC _cDLC _dDLC |
||
| 042 | _alcac | ||
| 050 | 0 | 0 |
_aPZ 7 _b.M53147Bu 2006 |
| 100 | 1 |
_aMarsden, John, _d1950- _926835 |
|
| 245 | 1 | 0 |
_aBurning for revenge / _cJohn Marsden. |
| 260 |
_aBoston : _bHoughton Mifflin Co., _c2006. |
||
| 300 |
_a263 p. ; _c22 cm. |
||
| 521 | _aG5 | ||
| 526 | _c750 | ||
| 650 | 1 |
_aSurvival _vFiction. _926836 |
|
| 650 | 1 |
_aWar _vFiction. _926837 |
|
| 651 | 1 |
_aAustralia _vFiction. _926838 |
|
| 856 | 4 | 2 |
_3Publisher description _uhttp://www.loc.gov/catdir/description/hm022/98051986.html |
| 856 | 4 | 2 |
_3Contributor biographical information _uhttp://www.loc.gov/catdir/enhancements/fy0736/98051986-b.html |
| 906 |
_a7 _bcbc _corignew _d1 _eocip _f19 _gy-gencatlg |
||
| 942 |
_2lcc _cBK-SCHOLAS |
||
| 999 |
_c33204 _d33204 |
||